000 00868 a2200217 4500
999 _c9016
_d9016
020 _a9781846611346 (hbk.)
050 0 0 _aKF1423WIL2011
100 1 _aWilliams, Richard
245 1 0 _aDisqualification undertakings :
_blaw, policy and practice /
_cRichard Williams.
264 _aBristol:
_bJordans,
_c2011
300 _axxxii, 332 p. ;
500 _aincludes index
504 _aIncludes bibliographical references and index.
650 0 _aDirectors of corporations
_xDismissal of
650 0 _aDirectors of corporations
_xDismissal of
650 0 _aDirectors of corporations
_xLegal status, laws, etc.
650 0 _aDirectors of corporations
_xLegal status, laws, etc.
856 4 1 _3Table of contents only
_uhttp://www.loc.gov/catdir/toc/fy11pdf03/2011414358.html
942 _2lcc
_cBK
_h1423
_iWIL
_k2011